[Event "Bundesliga 9798"]
[Site "Deutschland"]
[Date "1998.??.??"]
[Round "?.2"]
[White "Smejkal, Jan"]
[Black "Kindermann, Stefan"]
[Result "1/2-1/2"]
[WhiteElo "2525"]
[BlackElo "2570"]
[PlyCount "56"]
[EventDate "1997.10.??"]
[EventType "team"]
[EventRounds "15"]
[EventCountry "GER"]
[SourceTitle "Bundesliga 9798"]
[Source "DeepChess"]
[SourceDate "2005.01.01"]
[SourceVersion "1"]
[SourceVersionDate "2005.01.01"]
[SourceQuality "1"]
[WhiteTeam "SK Passau 1869"]
[BlackTeam "SAbt SV Werder Bremen"]
[WhiteTeamCountry "GER"]
[BlackTeamCountry "GER"]

1. c4 f5 2. g3 Nf6 3. Bg2 g6 4. Nc3 Bg7 5. d3 d6 6. e4 fxe4 7. dxe4 O-O 8. Nge2
c5 9. O-O Nc6 10. f4 Be6 11. b3 Qd7 12. Bb2 Bh3 13. e5 dxe5 14. fxe5 Nxe5 15.
Qxd7 Bxd7 16. Nd5 Nc6 17. Nef4 Ne8 18. Bxg7 Nxg7 19. Rfe1 Rae8 20. Nc7 Rc8 21.
Bd5+ Kh8 22. Nce6 Bxe6 23. Nxe6 Rfe8 24. Rad1 Nxe6 25. Bxe6 Rc7 26. Bd7 Rd8 27.
Bxc6 Rxd1 28. Rxd1 bxc6 1/2-1/2

[Event "Bundesliga 9798"]
[Site "Deutschland"]
[Date "1998.??.??"]
[Round "?.4"]
[White "Pichler, Juergen"]
[Black "Babula, Vlastimil"]
[Result "0-1"]
[WhiteElo "2395"]
[BlackElo "2545"]
[PlyCount "94"]
[EventDate "1997.10.??"]
[EventType "team"]
[EventRounds "15"]
[EventCountry "GER"]
[SourceTitle "Bundesliga 9798"]
[Source "DeepChess"]
[SourceDate "2005.01.01"]
[SourceVersion "1"]
[SourceVersionDate "2005.01.01"]
[SourceQuality "1"]
[WhiteTeam "SK Passau 1869"]
[BlackTeam "SAbt SV Werder Bremen"]
[WhiteTeamCountry "GER"]
[BlackTeamCountry "GER"]

1. d4 Nf6 2. c4 g6 3. Nc3 Bg7 4. e4 d6 5. Be2 O-O 6. Nf3 e5 7. d5 a5 8. Bg5 h6
9. Bh4 Na6 10. Nd2 Qe8 11. O-O Nh7 12. a3 Bd7 13. b3 h5 14. f3 Bf6 15. Bf2 Bg5
16. Rb1 Qe7 17. b4 axb4 18. axb4 h4 19. c5 dxc5 20. bxc5 Nxc5 21. Nc4 Nf6 22.
d6 cxd6 23. Qxd6 Qxd6 24. Nxd6 Ne6 25. Bc4 Nf4 26. Rxb7 Be6 27. Bxe6 Nxe6 28.
Nd5 Rad8 29. Rd1 Nxd5 30. Rxd5 Nf4 31. Rd1 h3 32. gxh3 Nxh3+ 33. Kf1 Nxf2 34.
Kxf2 Bf4 35. Kg2 Kg7 36. Rd5 Ra8 37. Nc4 Rh8 38. h3 Rhc8 39. Ra5 Rxa5 40. Nxa5
Rc2+ 41. Kg1 Kh6 42. Rxf7 Kg5 43. Rg7 Be3+ 44. Kf1 Kf4 45. Rf7+ Kg3 46. Rf6
Rf2+ 47. Ke1 Bd2+ 0-1

[Event "Bundesliga 9798"]
[Site "Deutschland"]
[Date "1998.??.??"]
[Round "?.5"]
[White "Meins, Gerlef"]
[Black "Klebel, Martin"]
[Result "1-0"]
[WhiteElo "2460"]
[BlackElo "2410"]
[PlyCount "79"]
[EventDate "1997.10.??"]
[EventType "team"]
[EventRounds "15"]
[EventCountry "GER"]
[SourceTitle "Bundesliga 9798"]
[Source "DeepChess"]
[SourceDate "2005.01.01"]
[SourceVersion "1"]
[SourceVersionDate "2005.01.01"]
[SourceQuality "1"]
[WhiteTeam "SAbt SV Werder Bremen"]
[BlackTeam "SK Passau 1869"]
[WhiteTeamCountry "GER"]
[BlackTeamCountry "GER"]

1. d4 d5 2. c4 c6 3. Nf3 Nf6 4. Qc2 e6 5. Nbd2 Nbd7 6. e4 Nxe4 7. Nxe4 dxe4 8.
Qxe4 Bb4+ 9. Bd2 Bxd2+ 10. Nxd2 O-O 11. Bd3 f5 12. Qxe6+ Kh8 13. Qd6 Rf6 14.
Qa3 c5 15. d5 b5 16. O-O bxc4 17. Bxc4 Bb7 18. Rad1 Qc7 19. Nf3 Nb6 20. b3 Rd8
21. Rfe1 Rfd6 22. Ng5 Bxd5 23. Bxd5 Rxd5 24. Rc1 Rc8 25. Ne6 Qe7 26. g3 Kg8 27.
Nf4 Re5 28. Rxe5 Qxe5 29. Qxa7 Nd5 30. Qb7 Ne7 31. Nd3 Qe4 32. Qxe4 fxe4 33.
Nxc5 Nd5 34. a4 h5 35. a5 Rc7 36. a6 Kf7 37. Rc4 Nb6 38. Rb4 Rxc5 39. Rxb6 Rc2
40. Rb4 1-0

[Event "Bundesliga 9798"]
[Site "Deutschland"]
[Date "1998.??.??"]
[Round "?.6"]
[White "Schmidt, Peter"]
[Black "Heissler, Jakob"]
[Result "1/2-1/2"]
[WhiteElo "2410"]
[BlackElo "2435"]
[PlyCount "61"]
[EventDate "1997.10.??"]
[EventType "team"]
[EventRounds "15"]
[EventCountry "GER"]
[SourceTitle "Bundesliga 9798"]
[Source "DeepChess"]
[SourceDate "2005.01.01"]
[SourceVersion "1"]
[SourceVersionDate "2005.01.01"]
[SourceQuality "1"]
[WhiteTeam "SK Passau 1869"]
[BlackTeam "SAbt SV Werder Bremen"]
[WhiteTeamCountry "GER"]
[BlackTeamCountry "GER"]

1. d4 Nf6 2. Bg5 d6 3. Bxf6 exf6 4. g3 f5 5. Bg2 g6 6. e3 Bg7 7. Ne2 O-O 8. c4
Nd7 9. Nbc3 Nf6 10. O-O Re8 11. Qd3 c6 12. b4 Bd7 13. Rfd1 h5 14. Rab1 Rc8 15.
d5 cxd5 16. Nxd5 Ng4 17. Ndf4 Ba4 18. Rdc1 Bc6 19. Qa3 Be5 20. b5 Bxg2 21. Kxg2
h4 22. Rc2 Kg7 23. Qxa7 hxg3 24. hxg3 Rh8 25. Qxb7 Rc7 26. Qd5 Rh2+ 27. Kg1 Rc5
28. Qb7 Rc7 29. Qd5 Rc5 30. Qb7 Rc7 31. Qd5 1/2-1/2

[Event "Bundesliga 9798"]
[Site "Deutschland"]
[Date "1998.??.??"]
[Round "?.7"]
[White "Floegel, Ulrich"]
[Black "Schlingensiepen, Christian"]
[Result "0-1"]
[WhiteElo "2365"]
[BlackElo "2300"]
[PlyCount "72"]
[EventDate "1997.10.??"]
[EventType "team"]
[EventRounds "15"]
[EventCountry "GER"]
[SourceTitle "Bundesliga 9798"]
[Source "DeepChess"]
[SourceDate "2005.01.01"]
[SourceVersion "1"]
[SourceVersionDate "2005.01.01"]
[SourceQuality "1"]
[WhiteTeam "SAbt SV Werder Bremen"]
[BlackTeam "SK Passau 1869"]
[WhiteTeamCountry "GER"]
[BlackTeamCountry "GER"]

1. e4 e5 2. Nf3 Nc6 3. Bb5 f5 4. d3 fxe4 5. dxe4 Nf6 6. O-O Bc5 7. Bxc6 bxc6 8.
Nxe5 O-O 9. Nd3 Nxe4 10. Nxc5 Nxc5 11. Be3 Ne6 12. Nd2 d5 13. Nb3 Qd6 14. c4
Ba6 15. c5 Qd7 16. Re1 Rf6 17. Rc1 Rg6 18. Kh1 Rf8 19. Qd2 Rf5 20. Nd4 Nxd4 21.
Bxd4 Rfg5 22. f3 h5 23. Re5 Rxe5 24. Bxe5 Re6 25. Qd4 Qe8 26. Re1 Qg6 27. h3
Qc2 28. Rg1 Rg6 29. Bxc7 Bf1 30. g4 Qe2 31. Qc3 hxg4 32. fxg4 Rh6 33. Rg3 Rxh3+
34. Kg1 Qe4 35. Kxf1 Rh1+ 36. Rg1 Qb1+ 0-1

[Event "Bundesliga 9798"]
[Site "Deutschland"]
[Date "1998.??.??"]
[Round "?.8"]
[White "Pflug, Matthias"]
[Black "Forchert, Martin"]
[Result "1/2-1/2"]
[WhiteElo "2175"]
[BlackElo "2340"]
[PlyCount "92"]
[EventDate "1997.10.??"]
[EventType "team"]
[EventRounds "15"]
[EventCountry "GER"]
[SourceTitle "Bundesliga 9798"]
[Source "DeepChess"]
[SourceDate "2005.01.01"]
[SourceVersion "1"]
[SourceVersionDate "2005.01.01"]
[SourceQuality "1"]
[WhiteTeam "SK Passau 1869"]
[BlackTeam "SAbt SV Werder Bremen"]
[WhiteTeamCountry "GER"]
[BlackTeamCountry "GER"]

1. e4 Nf6 2. e5 Nd5 3. c4 Nb6 4. d4 d6 5. exd6 exd6 6. Nc3 Be7 7. Bd3 Nc6 8.
Be3 O-O 9. b3 Bf6 10. Nge2 Bg4 11. Qd2 d5 12. c5 Nc8 13. h3 Bxe2 14. Nxe2 N8e7
15. O-O Qd7 16. Qc2 g6 17. a3 Bg7 18. b4 Nd8 19. Kh2 Ne6 20. Qc3 Kh8 21. b5
Rae8 22. Rab1 b6 23. cxb6 axb6 24. Qb4 Ra8 25. a4 Ra7 26. Ra1 Rfa8 27. Rfc1 Bf8
28. Qb3 Qd6+ 29. g3 Bg7 30. Rc2 h6 31. Kg2 Qd7 32. Qb4 Ng5 33. Bxg5 hxg5 34.
Rca2 Ra5 35. Qd2 Bf6 36. Qb4 Kg7 37. Rh1 Nf5 38. Rc1 R5a7 39. Bc2 Re8 40. Bd3
Nd6 41. Nc3 Ne4 42. Re1 Nxc3 43. Rxe8 Qxe8 44. Qxc3 Qd7 45. Be2 Ra8 46. Bf3 Qd6
1/2-1/2

[Event "Bundesliga 9798"]
[Site "Deutschland"]
[Date "1997.??.??"]
[Round "?.1"]
[White "Cvitan, Ognjen"]
[Black "Hracek, Zbynek"]
[Result "1-0"]
[WhiteElo "2570"]
[BlackElo "2605"]
[PlyCount "53"]
[EventDate "1997.10.??"]
[EventType "team"]
[EventRounds "15"]
[EventCountry "GER"]
[SourceTitle "Bundesliga 9798"]
[Source "DeepChess"]
[SourceDate "2005.01.01"]
[SourceVersion "1"]
[SourceVersionDate "2005.01.01"]
[SourceQuality "1"]
[WhiteTeam "SK Zaehringen 1921"]
[BlackTeam "SAbt SV Werder Bremen"]
[WhiteTeamCountry "GER"]
[BlackTeamCountry "GER"]

1. d4 Nf6 2. Nf3 e6 3. c4 b6 4. a3 Bb7 5. Nc3 d5 6. cxd5 Nxd5 7. e3 g6 8. Bb5+
c6 9. Bc4 Bg7 10. O-O O-O 11. e4 Nxc3 12. bxc3 Nd7 13. Re1 Qc7 14. Bg5 b5 15.
Bd3 e5 16. Qd2 Rfe8 17. h4 a6 18. a4 Qd6 19. h5 Rab8 20. hxg6 hxg6 21. Bh4 Qe6
22. Bg3 Rbd8 23. Bb1 Nc5 24. Ba2 Nb3 25. Qb2 bxa4 26. Bxe5 Bxe5 27. Nxe5 1-0

[Event "Bundesliga 9798"]
[Site "Deutschland"]
[Date "1997.??.??"]
[Round "?.2"]
[White "Kindermann, Stefan"]
[Black "Siegel, Georg"]
[Result "1-0"]
[WhiteElo "2570"]
[BlackElo "2540"]
[PlyCount "79"]
[EventDate "1997.10.??"]
[EventType "team"]
[EventRounds "15"]
[EventCountry "GER"]
[SourceTitle "Bundesliga 9798"]
[Source "DeepChess"]
[SourceDate "2005.01.01"]
[SourceVersion "1"]
[SourceVersionDate "2005.01.01"]
[SourceQuality "1"]
[WhiteTeam "SAbt SV Werder Bremen"]
[BlackTeam "SK Zaehringen 1921"]
[WhiteTeamCountry "GER"]
[BlackTeamCountry "GER"]

1. e4 c5 2. Nf3 d6 3. d4 cxd4 4. Nxd4 Nf6 5. Nc3 a6 6. f4 e5 7. Nf3 Nbd7 8. a4
Be7 9. Bd3 O-O 10. O-O Nc5 11. Kh1 d5 12. Nxe5 Nfxe4 13. Bxe4 dxe4 14. Nd5 Be6
15. Nxe7+ Qxe7 16. f5 f6 17. fxe6 fxe5 18. Be3 Rxf1+ 19. Qxf1 Rc8 20. Bxc5 Rxc5
21. Rd1 Rxc2 22. Rd7 Qe8 23. h3 Rc8 24. Qf5 Qg6 25. Qxe5 Re8 26. e7 Qc6 27. Rd6
Qc1+ 28. Kh2 Qc8 29. Qe6+ Kh8 30. Qd7 Qxd7 31. Rxd7 Kg8 32. Rxb7 Kf7 33. Kg3
Ke6 34. b4 Kd5 35. b5 axb5 36. axb5 Kd4 37. Kf2 e3+ 38. Ke2 Ra8 39. Rd7+ Ke4
40. Rd8 1-0

[Event "Bundesliga 9798"]
[Site "Deutschland"]
[Date "1997.??.??"]
[Round "?.3"]
[White "Baklan, Vladimir"]
[Black "Knaak, Rainer"]
[Result "1/2-1/2"]
[WhiteElo "2570"]
[BlackElo "2555"]
[PlyCount "71"]
[EventDate "1997.10.??"]
[EventType "team"]
[EventRounds "15"]
[EventCountry "GER"]
[SourceTitle "Bundesliga 9798"]
[Source "DeepChess"]
[SourceDate "2005.01.01"]
[SourceVersion "1"]
[SourceVersionDate "2005.01.01"]
[SourceQuality "1"]
[WhiteTeam "SK Zaehringen 1921"]
[BlackTeam "SAbt SV Werder Bremen"]
[WhiteTeamCountry "GER"]
[BlackTeamCountry "GER"]

1. e4 e6 2. d4 d5 3. Nd2 c5 4. Ngf3 Nf6 5. exd5 exd5 6. Bb5+ Bd7 7. Bxd7+ Nbxd7
8. O-O Be7 9. dxc5 Nxc5 10. Nd4 O-O 11. Nf5 Re8 12. Nxe7+ Rxe7 13. Nf3 Rc8 14.
Be3 Nfe4 15. Re1 Na4 16. Bd4 Re6 17. Qd3 a6 18. Rad1 b5 19. Qb3 h6 20. Ne5 Qd6
21. f3 Nec5 22. Qb4 Ne4 23. c3 Nec5 24. Ng4 Qc7 25. Rxe6 Nxe6 26. Ne3 Nxd4 27.
Qxd4 Nxb2 28. Nxd5 Qc5 29. Re1 Kf8 30. Qxc5+ Rxc5 31. Nb6 Rxc3 32. Nd7+ Kg8 33.
Re8+ Kh7 34. Nf8+ Kg8 35. Ng6+ Kh7 36. Nf8+ 1/2-1/2

[Event "Bundesliga 9798"]
[Site "Deutschland"]
[Date "1997.??.??"]
[Round "?.5"]
[White "Toth, Bela"]
[Black "Heissler, Jakob"]
[Result "1/2-1/2"]
[WhiteElo "2395"]
[BlackElo "2435"]
[PlyCount "138"]
[EventDate "1997.10.??"]
[EventType "team"]
[EventRounds "15"]
[EventCountry "GER"]
[SourceTitle "Bundesliga 9798"]
[Source "DeepChess"]
[SourceDate "2005.01.01"]
[SourceVersion "1"]
[SourceVersionDate "2005.01.01"]
[SourceQuality "1"]
[WhiteTeam "SK Zaehringen 1921"]
[BlackTeam "SAbt SV Werder Bremen"]
[WhiteTeamCountry "GER"]
[BlackTeamCountry "GER"]

1. d4 Nf6 2. c4 g6 3. Nc3 Bg7 4. e4 d6 5. Nf3 O-O 6. Be2 e5 7. dxe5 dxe5 8.
Qxd8 Rxd8 9. Bg5 Rf8 10. Nd5 Nxd5 11. cxd5 c6 12. Bc4 cxd5 13. Bxd5 Na6 14.
O-O-O Nc7 15. Bb3 Be6 16. Nd2 b6 17. Be3 Rfd8 18. Nc4 Nb5 19. Rxd8+ Rxd8 20.
Nd2 Bxb3 21. Nxb3 Nd6 22. Nd2 f6 23. Kb1 Kf7 24. Rc1 Rc8 25. Rxc8 Nxc8 26. Kc2
Ke6 27. Kd3 Nd6 28. a4 Kd7 29. Nc4 Nb7 30. b4 Bf8 31. Kc3 Kc6 32. Kb3 Be7 33.
f3 Kd7 34. Na3 a5 35. Nc4 Bxb4 36. Nxb6+ Ke6 37. Nc4 f5 38. Bb6 fxe4 39. fxe4
h5 40. Kc2 g5 41. h3 g4 42. hxg4 hxg4 43. Kd3 Kf6 44. Bc7 Nc5+ 45. Ke3 Bc3 46.
Nxa5 Bd4+ 47. Ke2 Nxa4 48. Nb3 Nc5 49. Bd8+ Ke6 50. Nxc5+ Bxc5 51. Kd3 Bd4 52.
Kc4 Kd7 53. Ba5 Kc6 54. Bb4 Ba7 55. Bc3 Bb8 56. Be1 Ba7 57. Bc3 Bb8 58. Ba1 Bc7
59. Bb2 Bb8 60. Ba3 Bc7 61. Bc5 Bb8 62. Bg1 Bd6 63. Bh2 Bb8 64. Kc3 Kb5 65. Kd3
Bc7 66. Ke2 Kc4 67. Kf2 Kd3 68. Kg3 Kxe4 69. Kxg4 Bb6 1/2-1/2

[Event "Bundesliga 9798"]
[Site "Deutschland"]
[Date "1997.??.??"]
[Round "?.6"]
[White "Blatny, Pavel"]
[Black "Maier, Christian"]
[Result "1-0"]
[WhiteElo "2555"]
[BlackElo "2380"]
[PlyCount "87"]
[EventDate "1997.10.??"]
[EventType "team"]
[EventRounds "15"]
[EventCountry "GER"]
[SourceTitle "Bundesliga 9798"]
[Source "DeepChess"]
[SourceDate "2005.01.01"]
[SourceVersion "1"]
[SourceVersionDate "2005.01.01"]
[SourceQuality "1"]
[WhiteTeam "SAbt SV Werder Bremen"]
[BlackTeam "SK Zaehringen 1921"]
[WhiteTeamCountry "GER"]
[BlackTeamCountry "GER"]

1. Nf3 d6 2. d4 Bg4 3. Nbd2 Nf6 4. h3 Bh5 5. g4 Bg6 6. Bg2 Nc6 7. c3 e6 8. Nh4
d5 9. Nxg6 hxg6 10. e4 Be7 11. Qe2 a6 12. O-O Qd7 13. e5 Nh7 14. f4 O-O-O 15.
Nf3 f6 16. exf6 gxf6 17. Re1 Nf8 18. Bd2 Bd6 19. Qd3 Kb8 20. Re2 Ne7 21. Rae1
Qa4 22. b3 Qd7 23. Rf1 c6 24. Ne1 Bc7 25. Qf3 e5 26. fxe5 fxe5 27. dxe5 Ne6 28.
Nd3 Bb6+ 29. Kh2 c5 30. Qg3 g5 31. Rf6 c4 32. Nb2 Ng8 33. Bxg5 Nxf6 34. Bxf6
Ka7 35. bxc4 d4 36. Rd2 Rdf8 37. Bxh8 Rxh8 38. cxd4 Bxd4 39. Nd3 Qc7 40. Bd5
Ng5 41. h4 Qh7 42. h5 Ne4 43. Bxe4 Qxe4 44. Nf2 1-0

[Event "Bundesliga 9798"]
[Site "Deutschland"]
[Date "1997.??.??"]
[Round "?.7"]
[White "Roos, Louis"]
[Black "Floegel, Ulrich"]
[Result "1/2-1/2"]
[WhiteElo "2365"]
[BlackElo "2365"]
[PlyCount "54"]
[EventDate "1997.10.??"]
[EventType "team"]
[EventRounds "15"]
[EventCountry "GER"]
[SourceTitle "Bundesliga 9798"]
[Source "DeepChess"]
[SourceDate "2005.01.01"]
[SourceVersion "1"]
[SourceVersionDate "2005.01.01"]
[SourceQuality "1"]
[WhiteTeam "SK Zaehringen 1921"]
[BlackTeam "SAbt SV Werder Bremen"]
[WhiteTeamCountry "GER"]
[BlackTeamCountry "GER"]

1. c4 Nf6 2. Nc3 g6 3. g3 Bg7 4. Bg2 O-O 5. d3 d6 6. Nf3 Nc6 7. Rb1 a5 8. a3
Nh5 9. Bd2 f5 10. e3 e5 11. O-O Be6 12. Nd5 h6 13. Ne1 Qd7 14. b4 axb4 15. axb4
Nd8 16. b5 Bf7 17. Nc2 Ne6 18. f4 Nc5 19. Bb4 exf4 20. gxf4 Rab8 21. Qd2 Nf6
22. Nxf6+ Bxf6 23. Bc3 Qe7 24. Bxf6 Qxf6 25. Nd4 Rfe8 26. Kh1 Ra8 27. Nb3 Ra3
1/2-1/2

[Event "Bundesliga 9798"]
[Site "Deutschland"]
[Date "1998.??.??"]
[Round "?.1"]
[White "Hracek, Zbynek"]
[Black "Rozentalis, Eduardas"]
[Result "1/2-1/2"]
[WhiteElo "2605"]
[BlackElo "2645"]
[PlyCount "71"]
[EventDate "1997.10.??"]
[EventType "team"]
[EventRounds "15"]
[EventCountry "GER"]
[SourceTitle "Bundesliga 9798"]
[Source "DeepChess"]
[SourceDate "2005.01.01"]
[SourceVersion "1"]
[SourceVersionDate "2005.01.01"]
[SourceQuality "1"]
[WhiteTeam "SAbt SV Werder Bremen"]
[BlackTeam "SV Castrop Rauxel 1923"]
[WhiteTeamCountry "GER"]
[BlackTeamCountry "GER"]

1. e4 e5 2. Nf3 Nf6 3. d4 Nxe4 4. Bd3 d5 5. Nxe5 Nd7 6. Nxd7 Bxd7 7. O-O Be7 8.
c4 Nf6 9. Nc3 Be6 10. c5 O-O 11. Bf4 c6 12. b4 Qd7 13. Qc2 g6 14. Bg5 Rfe8 15.
Rfe1 Nh5 16. Bxe7 Rxe7 17. Qd2 Rae8 18. Re5 f6 19. Re3 Bf5 20. Rxe7 Rxe7 21.
Be2 Ng7 22. a4 Qc7 23. Ra2 Kf8 24. f3 g5 25. b5 Qa5 26. Nd1 Qxd2 27. Rxd2 Bd7
28. Kf2 f5 29. a5 f4 30. b6 a6 31. Rb2 Bc8 32. g4 fxg3+ 33. hxg3 Nf5 34. Rd2 h5
35. Bf1 h4 36. g4 1/2-1/2

[Event "Bundesliga 9798"]
[Site "Deutschland"]
[Date "1998.??.??"]
[Round "?.2"]
[White "Conquest, Stuart"]
[Black "Kindermann, Stefan"]
[Result "1-0"]
[WhiteElo "2500"]
[BlackElo "2570"]
[PlyCount "81"]
[EventDate "1997.10.??"]
[EventType "team"]
[EventRounds "15"]
[EventCountry "GER"]
[SourceTitle "Bundesliga 9798"]
[Source "DeepChess"]
[SourceDate "2005.01.01"]
[SourceVersion "1"]
[SourceVersionDate "2005.01.01"]
[SourceQuality "1"]
[WhiteTeam "SV Castrop Rauxel 1923"]
[BlackTeam "SAbt SV Werder Bremen"]
[WhiteTeamCountry "GER"]
[BlackTeamCountry "GER"]

1. e4 e6 2. Nf3 d5 3. Nc3 Nf6 4. e5 Nfd7 5. d4 c5 6. dxc5 Nc6 7. Bf4 Bxc5 8.
Bd3 f6 9. exf6 Nxf6 10. O-O O-O 11. Qd2 a6 12. Bg3 Nh5 13. Rae1 Nxg3 14. hxg3
Qf6 15. a3 h6 16. Kh1 Bd7 17. Nh2 Qg5 18. Qxg5 hxg5 19. f4 gxf4 20. gxf4 Bd4
21. Nd1 g5 22. fxg5 Kg7 23. c3 Bb6 24. g4 Bc7 25. Nf3 Rf4 26. Ne3 Raf8 27. Kg2
Bb6 28. Nh2 Ne5 29. Nf5+ exf5 30. Rxe5 Rxf1 31. Nxf1 fxg4 32. Ne3 d4 33. Nd5
Bc6 34. c4 Rf3 35. Be4 Rb3 36. g6 Rxb2+ 37. Kg3 Bxd5 38. Rxd5 Re2 39. Rd7+ Kh6
40. g7 Re3+ 41. Kf4 1-0

[Event "Bundesliga 9798"]
[Site "Deutschland"]
[Date "1998.??.??"]
[Round "?.3"]
[White "Knaak, Rainer"]
[Black "Gallagher, Joseph G"]
[Result "1-0"]
[WhiteElo "2555"]
[BlackElo "2525"]
[PlyCount "69"]
[EventDate "1997.10.??"]
[EventType "team"]
[EventRounds "15"]
[EventCountry "GER"]
[SourceTitle "Bundesliga 9798"]
[Source "DeepChess"]
[SourceDate "2005.01.01"]
[SourceVersion "1"]
[SourceVersionDate "2005.01.01"]
[SourceQuality "1"]
[WhiteTeam "SAbt SV Werder Bremen"]
[BlackTeam "SV Castrop Rauxel 1923"]
[WhiteTeamCountry "GER"]
[BlackTeamCountry "GER"]

1. d4 d6 2. e4 Nf6 3. f3 c5 4. c3 Qc7 5. Bd3 g6 6. Ne2 Bg7 7. a4 O-O 8. Na3 Nc6
9. Be3 b6 10. O-O Bb7 11. Rb1 Rac8 12. b4 cxb4 13. cxb4 e6 14. Qd2 Qe7 15. Bg5
Rfe8 16. Bb5 Red8 17. Rfd1 a5 18. bxa5 Nxa5 19. Bd3 d5 20. e5 Qxa3 21. Bxf6
Bxf6 22. exf6 Nc4 23. Bxc4 dxc4 24. Rxb6 Bc6 25. Rb4 Kh8 26. Rxc4 Rg8 27. Rdc1
Bd7 28. Rxc8 Bxc8 29. Rc7 Qf8 30. h4 Ba6 31. Nc3 g5 32. hxg5 Qb4 33. Rxf7 Rd8
34. g6 Rxd4 35. Rxh7+ 1-0

[Event "Bundesliga 9798"]
[Site "Deutschland"]
[Date "1998.??.??"]
[Round "?.4"]
[White "Watson, William N"]
[Black "Babula, Vlastimil"]
[Result "0-1"]
[WhiteElo "2535"]
[BlackElo "2545"]
[PlyCount "102"]
[EventDate "1997.10.??"]
[EventType "team"]
[EventRounds "15"]
[EventCountry "GER"]
[SourceTitle "Bundesliga 9798"]
[Source "DeepChess"]
[SourceDate "2005.01.01"]
[SourceVersion "1"]
[SourceVersionDate "2005.01.01"]
[SourceQuality "1"]
[WhiteTeam "SV Castrop Rauxel 1923"]
[BlackTeam "SAbt SV Werder Bremen"]
[WhiteTeamCountry "GER"]
[BlackTeamCountry "GER"]

1. e4 c5 2. Nf3 Nc6 3. Bb5 d6 4. O-O Bd7 5. c3 Nf6 6. Re1 a6 7. Bf1 Bg4 8. d4
cxd4 9. cxd4 e5 10. d5 Nd4 11. Nbd2 Rc8 12. Bd3 Nd7 13. h3 Nxf3+ 14. Nxf3 Bh5
15. Be3 Be7 16. g4 Bg6 17. Qb3 Rc7 18. Rac1 O-O 19. Rxc7 Qxc7 20. Rc1 Qb8 21.
Qc3 Bd8 22. Qb4 Be7 23. Qc4 Bd8 24. Qa4 Nf6 25. Qc2 Nd7 26. Qa4 Nf6 27. Qc2 Nd7
28. a4 Bb6 29. Bxb6 Nxb6 30. a5 Nd7 31. b4 Nf6 32. Qe2 Rc8 33. Rc2 h6 34. Ne1
Rxc2 35. Qxc2 Qd8 36. Ng2 b6 37. b5 axb5 38. a6 Qa8 39. Qc6 Qxa6 40. Qxd6 Qa1+
41. Bf1 Qd4 42. Ne3 Nxe4 43. Qe7 b4 44. Bc4 b5 45. Bb3 Qb2 46. Bc2 b3 47. Bxe4
Bxe4 48. Qe8+ Kh7 49. Qxf7 Qc1+ 50. Kh2 b2 51. Nf5 Qf4+ 0-1

[Event "Bundesliga 9798"]
[Site "Deutschland"]
[Date "1998.??.??"]
[Round "?.5"]
[White "Meins, Gerlef"]
[Black "Appel, Ralf"]
[Result "1/2-1/2"]
[WhiteElo "2460"]
[BlackElo "2495"]
[PlyCount "39"]
[EventDate "1997.10.??"]
[EventType "team"]
[EventRounds "15"]
[EventCountry "GER"]
[SourceTitle "Bundesliga 9798"]
[Source "DeepChess"]
[SourceDate "2005.01.01"]
[SourceVersion "1"]
[SourceVersionDate "2005.01.01"]
[SourceQuality "1"]
[WhiteTeam "SAbt SV Werder Bremen"]
[BlackTeam "SV Castrop Rauxel 1923"]
[WhiteTeamCountry "GER"]
[BlackTeamCountry "GER"]

1. d4 Nf6 2. c4 g6 3. Nc3 Bg7 4. e4 O-O 5. Be2 c6 6. e5 Ne8 7. f4 Nc7 8. Nf3 d5
9. c5 b6 10. b4 bxc5 11. bxc5 Ba6 12. O-O Qc8 13. Rb1 Nd7 14. Bd2 Rb8 15. Rxb8
Nxb8 16. Qa4 Bxe2 17. Nxe2 Qa6 18. Qxa6 Nbxa6 19. Rb1 Rb8 20. Rxb8+ 1/2-1/2

[Event "Bundesliga 9798"]
[Site "Deutschland"]
[Date "1998.??.??"]
[Round "?.6"]
[White "Dinstuhl, Volkmar"]
[Black "Heissler, Jakob"]
[Result "1/2-1/2"]
[WhiteElo "2410"]
[BlackElo "2435"]
[PlyCount "53"]
[EventDate "1997.10.??"]
[EventType "team"]
[EventRounds "15"]
[EventCountry "GER"]
[SourceTitle "Bundesliga 9798"]
[Source "DeepChess"]
[SourceDate "2005.01.01"]
[SourceVersion "1"]
[SourceVersionDate "2005.01.01"]
[SourceQuality "1"]
[WhiteTeam "SV Castrop Rauxel 1923"]
[BlackTeam "SAbt SV Werder Bremen"]
[WhiteTeamCountry "GER"]
[BlackTeamCountry "GER"]

1. d4 Nf6 2. c4 g6 3. Nc3 Bg7 4. e4 d6 5. Be2 O-O 6. Nf3 e5 7. O-O Nc6 8. d5
Ne7 9. b4 Nh5 10. Qc2 a5 11. bxa5 Rxa5 12. Re1 c5 13. dxc6 bxc6 14. Be3 Nf4 15.
Rab1 c5 16. Bxf4 exf4 17. Nb5 Nc6 18. Qd2 Bg4 19. Qxf4 Bxf3 20. Bxf3 Rxa2 21.
Qxd6 Qxd6 22. Nxd6 Rd8 23. Nb5 Rdd2 24. Rbd1 Rxd1 25. Rxd1 Nd4 26. Kf1 Be5 27.
Nxd4 1/2-1/2

[Event "Bundesliga 9798"]
[Site "Deutschland"]
[Date "1998.??.??"]
[Round "?.7"]
[White "Floegel, Ulrich"]
[Black "Brendel, Oliver"]
[Result "0-1"]
[WhiteElo "2365"]
[BlackElo "2425"]
[PlyCount "134"]
[EventDate "1997.10.??"]
[EventType "team"]
[EventRounds "15"]
[EventCountry "GER"]
[SourceTitle "Bundesliga 9798"]
[Source "DeepChess"]
[SourceDate "2005.01.01"]
[SourceVersion "1"]
[SourceVersionDate "2005.01.01"]
[SourceQuality "1"]
[WhiteTeam "SAbt SV Werder Bremen"]
[BlackTeam "SV Castrop Rauxel 1923"]
[WhiteTeamCountry "GER"]
[BlackTeamCountry "GER"]

1. e4 c5 2. Nf3 Nc6 3. Bb5 Nf6 4. Qe2 g6 5. c3 Bg7 6. O-O O-O 7. e5 Nd5 8. d4
cxd4 9. cxd4 d6 10. h3 a6 11. Bc4 Be6 12. Qe4 Bf5 13. Qxd5 Be6 14. Qe4 Bxc4 15.
Rd1 dxe5 16. d5 Nd4 17. Nxe5 Bxe5 18. Qxe5 Ne2+ 19. Kh1 Nxc1 20. Rxc1 Bxd5 21.
Nc3 Bc6 22. Rd1 Qb6 23. Rd2 Rad8 24. Rad1 Rxd2 25. Rxd2 Rd8 26. Re2 e6 27. Ne4
Bxe4 28. Qxe4 Rd1+ 29. Kh2 Qd6+ 30. g3 Qd5 31. Kg2 h5 32. h4 b5 33. Qxd5 Rxd5
34. Rc2 a5 35. b3 Kg7 36. Kf3 b4 37. Ke4 Kf6 38. Ke3 Kg7 39. Rc7 Re5+ 40. Kd3
Rd5+ 41. Ke3 Re5+ 42. Kd3 Rf5 43. Ke3 Kf6 44. Rc8 Re5+ 45. Kd3 Rb5 46. Rc7 Rf5
47. Ke3 g5 48. hxg5+ Kxg5 49. Rc4 Re5+ 50. Kd3 Rd5+ 51. Ke3 Rf5 52. Ke2 Rd5 53.
Rc7 Re5+ 54. Kf1 Rf5 55. Rc4 Kf6 56. Ke2 Ke7 57. Rc7+ Kd6 58. Ra7 Rc5 59. Kd2
f6 60. Rf7 Ke5 61. Kd3 Kf5 62. Rf8 Rc3+ 63. Kd2 a4 64. bxa4 Ra3 65. Ra8 Rxa2+
66. Ke3 Ra3+ 67. Kd4 Rf3 0-1